Regioni geografiche e subregioni Italiane - Statistics

Statistiche generali
  • Questo quiz è stato fatto 136 volte
    112 dall'ultimo reset
  • Il punteggio medio è 23 su 172
Statistiche sulle risposte
Regione % Corretto
Grosseto Maremma
49%
Monterosso al Mare, Vernazza, Manarola, Riomaggiore, Corniglia Cinque Terre
48%
Cesena, Ravenna, Rimini, Forlì Romagna
48%
Otranto, Santa Maria di Leuca Basso Salento
46%
Monza, Desio Brianza
46%
Lecce, Gallipoli Salento
46%
Sondrio, Morbegno Valtellina
43%
Vieste, Monte Sant'Angelo Gargano
37%
Alba, Bra Langhe
36%
Asti, Casale Monferrato Monferrato
36%
Pontremoli Lunigiana
33%
Avellino Irpinia
31%
Darfo Boario Terme, Breno Valcamonica
31%
Melfi, Rionero in - Vulture
31%
Greve in -, Castellina in - Chianti
30%
Agropoli Cilento
30%
Frosinone, Sora Ciociaria
30%
Amalfi, Positano Costiera Amalfitana
30%
Castiglione del Lago, Passignano sul - Trasimeno
30%
Pieve di -, Auronzo di - Cadore
28%
Voghera, Stradella Oltrepò Pavese
28%
Viareggio, Forte dei Marmi Versilia
28%
Castelnuovo di -, Barga Garfagnana
27%
L'Aquila, Assergi Gran Sasso
27%
Vigevano, Mortara Lomellina
25%
Ivrea, Castellamonte Canavese
24%
Bologna, Ferrara, Piacenza Pianura Padana
24%
Cremona, Lodi Pianura Padana Lombarda
24%
Verona, Vicenza Pianura Padana Veneta
24%
Rovigo, Adria Polesine
24%
Oritesi, Selva di - Val Gardena
24%
Tolmezzo Carnia
22%
Catania, Nicolosi Etna
22%
Susa, Bardonecchia Val di Susa
22%
Negrar, San Pietro in Cariano Valpolicella
21%
La Spezia, Chiavari Riviera di Levante
19%
Savona, Imperia Riviera di Ponente
19%
San Giovanni in Fiore, Camigliatello Sila
19%
Gardone Val - Val Trompia
19%
Bolzano, Merano Alto Adige
18%
Fabriano, Camerino Appennino Marchigiano
18%
Parma, Reggio Emilia Appennino Tosco-Emiliano
18%
Reggio Calabria Aspromonte
18%
Cagliari, Oristano Campidano
18%
Cortina d'Ampezzo Dolomiti
18%
Viterbo, Tarquinia Tuscia
18%
Canazei, Moena Val di Fassa
18%
Cles, Fondo Val di Non
18%
Malé, Peio Val di Sole
18%
Pienza, Montalcino Val d’Orcia
18%
Asiago, Gallio Altopiano di Asiago
16%
Castel di Sangro, Pescocostanzo Alto Sangro
16%
Este, Monselice Colli Euganei
16%
Comacchio | Porto Tolle, Rosolina Delta del Po
16%
Avezzano, Tagliacozzo Marsica
16%
Tortolì, Lanusei Ogliastra
16%
Benevento, Sant'Agata de' Goti Sannio
16%
Clusone, Albino Val Seriana
16%
Orbetello Argentario
15%
Biella Biellese
15%
Trieste, Duino-Aurisina Carso
15%
Frascati, Albano Laziale Castelli Romani
15%
Guardiagrele Majella
15%
Borgo San Lorenzo, Scarpiera Mugello
15%
Altamura, Gravina in Puglia Murge
15%
Foggia, San Severo Tavoliere delle Puglie
15%
Domodossola Val d'Ossola
15%
Vercelli, Santhia Vercellese
15%
Bernalda Pisticci Collina Materana
13%
Ancona, Numana Conero
13%
Matera, Montescaglioso Materano
13%
Firenze, Prato Piana di Firenze-Prato-Pistoia
13%
Brunico, San Candido Val Pusteria
13%
Varallo Val Sesia
13%
Latina, Aprilia Agro Pontino
12%
Olbia, Tempio Pausania Gallura
12%
Verbania, Stresa Lago Maggiore
12%
Locri, Siderno Locride
12%
Novara, Borgomanero Novarese
12%
Rieti, Poggio Mirteto Sabina
12%
Zogno, Villa d'Almé Val Brembana
12%
Sant'Ilario d'- Val d’Enza
12%
Nuoro Barbagia
10%
Montichiari, Orzinuovi Bassa Bresciana
10%
Bergamo, Treviglio Bergamasca
10%
Poppi, Bibbiena Casentino
10%
Palazzolo sull'Oglio, Rovato Franciacorta
10%
Viggianello Pollino lucano
10%
Carbonia Iglesias Sulcis-Iglesiente
10%
Montepulciano, Cortona Val di Chiana
10%
Noto, Modica Val di Noto
10%
Malles -, Silandro Val Venosta
10%
Cormons, San Floriano del Collio Collio
9%
Desenzano del -, Peschiera del -, Riva del -, Salò, Sirmione Lago di Garda
9%
Cefalù, Petralia Soprana Madonie
9%
Campobasso, Bojano Matese
9%
Urbino, Novafeltria Montefeltro
9%
Todi, Umbertide Valle del Tevere
9%
Ercolano, Pompei Vesuviano
9%
Palermo, Monreale Conca d'Oro
7%
Vasto, Ortona Costa dei Trabocchi
7%
Ostia, Fiumicino Litorale Romano
7%
Abbadia San Salvatore Monte Amiata
7%
Capo d'Orlando, Mistretta Nebrodi
7%
Alghero, Porto Torres Nurra
7%
Battipaglia, Eboli Piana del Sele
7%
Paternò Piana di Catania
7%
Terni, Narni Ternano
7%
Rapallo, Santa Margherita Ligure Tigullio
7%
Viggiano Val d'Agri
7%
Montecatini Terme, Pescia Valdinievole
7%
Conegliano, San Donà di - Valle del Piave
7%
Borgo Val di - Val Taro
7%
Agnone, Isernia Alto Molise
6%
Termoli, Larino Basso Molise
6%
Lucera, Troia Daunia
6%
Como, Lecco, Mandello del - Lario
6%
Gioia Tauro, Palmi Piana di Gioia Tauro
6%
Mezzolombardo, San Michele all'Adige Piana Rotaliana
6%
Iseo, Pisogne Sebino
6%
Bari, Bitonto Terra di Bari
6%
Gressoney-Saint-Jean, Gressoney-La-Trinité Val di Gressoney
6%
Martina Franca, Alberobello Valle d’Itria
6%
Sulmona Valle Peligna
6%
Breuil-Cervinia, Valtournenche Valtournenche
6%
Resiutta, Resi Alpi Giulie
4%
Latisana, Cervignano del Friuli Bassa Friulana
4%
Castelluccio di Norcia Pian Grande di Castelluccio
4%
Latina, Sabaudia Pianura Pontina
4%
Mira, Dolo Riviera del Brenta
4%
Tarvisio, Pontebba Val Canale
4%
Poggibonsi, Colle di - Val d'Elsa
4%
Cavalese, Predazzo Val di Fiemme
4%
Norcia, Cascia Valnerina
4%
Amelia, Alviano Amerino
3%
Castelsardo Anglona
3%
Chioggia, Caorle Litorale Veneziano
3%
Montebelluna, Nervesa della Battaglia Montello
3%
Ragusa, Palazzolo Acreide Monti Iblei
3%
Champoluc, Brusson Val d'Ayas
3%
Avezzano, Pescina Valle del Fucino
3%
Foligno, Spoleto Valle Umbra
3%
Valpelline, Bionaz Valpelline
3%
Agrigento, Cammarata, San Biagio - Val Platani
3%
Gavardo,Vobarno Val Sabbia
3%
Nocera Inferiore Agro Nocerino
1%
Busalla, Ronco Scrivia Appennino Ligure
1%
Fidenza, Busseto Bassa Parmense
1%
Scilla Costa Viola
1%
Corleone, Bivona Monti Sicani
1%
Udine, Palmanova Pianura Friulana
1%
Serra San Bruno Serre
1%
Ascoli Piceno, Pedaso Valdaso
1%
Sesta Godano, Varese Ligure Val di Vara
1%
Courmayeur, La Palud Val Ferret
1%
Venafro, Monteroduni Valle del Volturno
1%
Offida Colli Ascolani
0%
Roccella Ionica Costa dei Gelsomini
0%
Atella Laghi di Monticchio
0%
Caserta, Aversa Piana Campana
0%
Ferentino Piana di Frosinone
0%
Spoleto, Montefalco Piana di Spoleto
0%
Feltre, Belluno Valbelluna
0%
Pinerolo Val Chisone
0%
Messina, Taormina Val Demone
0%
Cicagna, Moconesi Val Fontanabuona
0%
Macerata, Tolentino Valle del Chienti
0%
Saint-Rhémy-en-Bosses, Etroubles Valle del Gran San Bernardo
0%
Fano, Fossombrone Valle del Metauro
0%
Anagni, Colleferro Valle del Sacco
0%
Tione di Trento, Perzolo Valli Giudicarie
0%
Nessun quiz corrispondente trovato
Distribuzione punteggi
Percentuale di utenti per punteggio
Percentile per numero di risposta
I tuoi punteggi nel tempo
Non hai fatto questo quiz dall'ultimo reset